BTS Members - Statistics

General Stats
  • This quiz has been taken 302 times
  • The average score is 3 of 7
Answer Stats
Hint Answer % Correct
Leader of the group Kim Namjoon
85%
Oldest Member and usually called as "Worldwide Handsom" Kim Seokjin
73%
Emotionless member/ Composer and producer of the group Min Suga
44%
Main Dancer (Has a nickname Chimchim) Park Jimin
40%
Maknae (Youngest member) Jeon Jungkook
32%
Once starred in a K-Drama Series "Hwarang" Kim Taehyung
31%
Happy Virus of the group Jung Hoseok
28%
No matching quizzes found
Score Distribution
Percent of People with Each Score
Percentile by Number Answered
Your Score History
You have not taken this quiz